000 00250nam a2200109Ia 4500
008 190216s9999||||xx |||||||||||||| ||und||
100 _aHarrold Robbins
245 0 _aNero Love A Stronger
260 _bPenguin Books
650 _aEnglish
942 _cBK
999 _c12757
_d12757